| 000 | 00357nam a2200145Ia 4500 | ||
|---|---|---|---|
| 008 | 240624s9999 xx 000 0 und d | ||
| 041 | _aeng | ||
| 082 | _a658.421 HIS | ||
| 100 | _aHISRICH ROBERT D | ||
| 245 | _aENTREPRENEURSHIP | ||
| 250 | _a(5th ed.) | ||
| 260 |
_c2004 _aNew Delhi _bTata McGrawhill |
||
| 300 | _axix, : 663 : p. : cm. ; 26 | ||
| 365 | _cRS | ||
| 999 |
_c1124 _d1124 |
||